| 000 | 00647nam a22002057a 4500 | ||
|---|---|---|---|
| 003 | BD-DhUL | ||
| 005 | 20170919155641.0 | ||
| 008 | 170919s1989 le ||||| |||| 00| 0 ara d | ||
| 040 |
_aBD-DhUL _cBD-DhUL |
||
| 082 |
_222 _a892.74 _bNAM |
||
| 100 | 1 | _aنعیمه، میخائیل۔ | |
| 245 | 0 |
_aالمراحل : _bسیاحات في ظواھر الحیاۃ وبواطنھا / _cمیخائیل نعیمه۔ |
|
| 246 | _aAl-Marāhil | ||
| 250 | _a۹ ط۔ | ||
| 260 |
_aبيروت : _bموًسسة نوفل، _c۱۹۸۹۔ |
||
| 300 |
_aص۔ ۱۴۱ ؛ _c ۱۹ سم۔ |
||
| 365 |
_aBDT _b7457.0 (set) |
||
| 650 | 0 | _aArabic essays. | |
| 942 |
_2ddc _cBK |
||
| 999 |
_c214163 _d214163 |
||